<?xml version="1.0" encoding="UTF-8"?>
<record
    xmlns:xsi="http://www.w3.org/2001/XMLSchema-instance"
    xsi:schemaLocation="http://www.loc.gov/MARC21/slim http://www.loc.gov/standards/marcxml/schema/MARC21slim.xsd"
    xmlns="http://www.loc.gov/MARC21/slim">

  <leader>00256nam a22001097a 4500</leader>
  <controlfield tag="005">20230530130424.0</controlfield>
  <controlfield tag="008">230530b        |||||||| |||| 00| 0 eng d</controlfield>
  <datafield tag="022" ind1=" " ind2=" ">
    <subfield code="a">9770972688001</subfield>
  </datafield>
  <datafield tag="245" ind1=" " ind2=" ">
    <subfield code="a">OPERATIONS MANAGEMENT</subfield>
  </datafield>
  <datafield tag="260" ind1=" " ind2=" ">
    <subfield code="b">IUP PUBLICATIONS</subfield>
  </datafield>
  <datafield tag="942" ind1=" " ind2=" ">
    <subfield code="c">JRL</subfield>
  </datafield>
  <datafield tag="999" ind1=" " ind2=" ">
    <subfield code="c">8310</subfield>
    <subfield code="d">8308</subfield>
  </datafield>
  <datafield tag="952" ind1=" " ind2=" ">
    <subfield code="0">0</subfield>
    <subfield code="1">0</subfield>
    <subfield code="4">0</subfield>
    <subfield code="7">0</subfield>
    <subfield code="a">JRU</subfield>
    <subfield code="b">JRU</subfield>
    <subfield code="d">2023-05-30</subfield>
    <subfield code="e">PURCHASE</subfield>
    <subfield code="h">VOL-XVIII ,ISSUE NO.1 FEB-2019</subfield>
    <subfield code="l">0</subfield>
    <subfield code="p">OM0001</subfield>
    <subfield code="r">2023-05-30 00:00:00</subfield>
    <subfield code="w">2023-05-30</subfield>
    <subfield code="y">JRL</subfield>
  </datafield>
  <datafield tag="952" ind1=" " ind2=" ">
    <subfield code="0">0</subfield>
    <subfield code="1">0</subfield>
    <subfield code="4">0</subfield>
    <subfield code="7">0</subfield>
    <subfield code="a">JRU</subfield>
    <subfield code="b">JRU</subfield>
    <subfield code="d">2023-05-30</subfield>
    <subfield code="e">PURCHASE</subfield>
    <subfield code="h">VOL-XVIII ,ISSUE NO.2 MAY-2019</subfield>
    <subfield code="l">0</subfield>
    <subfield code="p">OM0002</subfield>
    <subfield code="r">2023-05-30 00:00:00</subfield>
    <subfield code="w">2023-05-30</subfield>
    <subfield code="y">JRL</subfield>
  </datafield>
  <datafield tag="952" ind1=" " ind2=" ">
    <subfield code="0">0</subfield>
    <subfield code="1">0</subfield>
    <subfield code="4">0</subfield>
    <subfield code="7">0</subfield>
    <subfield code="a">JRU</subfield>
    <subfield code="b">JRU</subfield>
    <subfield code="d">2023-05-30</subfield>
    <subfield code="e">PURCHASE</subfield>
    <subfield code="h">VOL-XVIII ,ISSUE NO.4 NOV-2019</subfield>
    <subfield code="l">0</subfield>
    <subfield code="p">OM0003</subfield>
    <subfield code="r">2023-05-30 00:00:00</subfield>
    <subfield code="w">2023-05-30</subfield>
    <subfield code="y">JRL</subfield>
  </datafield>
  <datafield tag="952" ind1=" " ind2=" ">
    <subfield code="0">0</subfield>
    <subfield code="1">0</subfield>
    <subfield code="4">0</subfield>
    <subfield code="7">0</subfield>
    <subfield code="a">JRU</subfield>
    <subfield code="b">JRU</subfield>
    <subfield code="d">2023-05-30</subfield>
    <subfield code="e">PURCHASE</subfield>
    <subfield code="h">VOL-XVIII ,ISSUE NO.3  AUG-2019</subfield>
    <subfield code="l">0</subfield>
    <subfield code="p">OM0004</subfield>
    <subfield code="r">2023-05-30 00:00:00</subfield>
    <subfield code="w">2023-05-30</subfield>
    <subfield code="y">JRL</subfield>
  </datafield>
  <datafield tag="952" ind1=" " ind2=" ">
    <subfield code="0">0</subfield>
    <subfield code="1">0</subfield>
    <subfield code="4">0</subfield>
    <subfield code="7">0</subfield>
    <subfield code="a">JRU</subfield>
    <subfield code="b">JRU</subfield>
    <subfield code="d">2023-05-30</subfield>
    <subfield code="e">PURCHASE</subfield>
    <subfield code="h">VOL-XIX ,ISSUE NO.1 FEB-2020</subfield>
    <subfield code="l">0</subfield>
    <subfield code="p">OM0005</subfield>
    <subfield code="r">2023-05-30 00:00:00</subfield>
    <subfield code="w">2023-05-30</subfield>
    <subfield code="y">JRL</subfield>
  </datafield>
  <datafield tag="952" ind1=" " ind2=" ">
    <subfield code="0">0</subfield>
    <subfield code="1">0</subfield>
    <subfield code="4">0</subfield>
    <subfield code="7">0</subfield>
    <subfield code="a">JRU</subfield>
    <subfield code="b">JRU</subfield>
    <subfield code="d">2023-05-30</subfield>
    <subfield code="e">PURCHASE</subfield>
    <subfield code="h">VOL-20 ,ISSUE NO.4 FEB-2021</subfield>
    <subfield code="l">0</subfield>
    <subfield code="p">OM0006</subfield>
    <subfield code="r">2023-05-30 00:00:00</subfield>
    <subfield code="w">2023-05-30</subfield>
    <subfield code="y">JRL</subfield>
  </datafield>
</record>
